Lancashire Football Teams in the Top 6 Tiers - Statistics

General Stats
  • This quiz has been taken 53 times
  • The average score is 16 of 21
Answer Stats
Answer % Correct
Manchester City
98%
Manchester United
98%
Liverpool
96%
Preston North End
96%
Blackburn Rovers
94%
Blackpool
94%
Everton
94%
Burnley
90%
Bolton Wanderers
88%
Wigan Athletic
88%
Accrington Stanley
75%
Fleetwood Town
75%
Morecambe
73%
Salford City
73%
Oldham Athletic
69%
Rochdale
67%
Chorley
60%
Barrow
56%
Southport
54%
AFC Fylde
46%
Curzon Ashton
21%
No matching quizzes found
Score Distribution
Percent of People with Each Score
Percentile by Number Answered
Your Score History
You have not taken this quiz